000 00826nam a22002777a 4500
001 BR9902504
003 BR-BrBNA
005 20230928100326.0
007 ta
008 230509b bl.||||| |||| 00| 0 por d
040 _aBR-BrBNA
_bpor
_cBiblioteca Nacional de Agricultura
041 _a(Por)
072 _aE14
090 _ E14 BR9902504
100 1 _aLeite, P.S.(org.)
110 1 _aUniversidade Federal do Ceara, Fortaleza, (Brasil)
110 1 _aBanco do Nordeste do Brasil S.A., Fortaleza, CE (Brasil)
245 1 _aEstrategia e planejamento do desenvolvimento rural regional integrado
260 3 _aFortaleza, CE (Brasil):
_c1994.
300 _a349 p.
500 _a45 ref.
650 _aDesenvolvimento Rural
650 _aPlanejamento Economico
909 _a202309
_bLucia
_c55
_dLucia Elande
942 _cBK
999 _c60934
_d60934